000 00407nam a2200133Ia 4500
008 100328s9999 xx 000 0 und d
082 _b6769
100 _aवरेरकर भार्गवराम विठ्ठल
245 _aसमर्थ भिकारी
260 _b---
630 _aसमर्थ भिकारी
730 _aसमर्थ भिकारी
942 _cBOOK
999 _c502637
_d502634